Liêu Trai chí dị /

Guardat en:
Dades bibliogràfiques
Autors principals: Đào Trinh Nhất, Tản Đ
Altres autors: Nguyễn Văn Huyền
Format: Sách giấy
Idioma:Vietnamese
Publicat: Hà Nội : Văn học , 1995
Etiquetes: Afegir etiqueta
Sense etiquetes, Sigues el primer a etiquetar aquest registre!
Thư viện lưu trữ: Thư viện Trường Đại học Đà Lạt
LEADER 00693nam a2200277 4500
001 DLU020012020
005 ##5/21/2000
020 # # |a 978- 
041 # # |a vie 
082 # # |a 895.13  |b BO-L 
090 # # |a 895.13  |b BO-L 
100 # # |a Đào Trinh Nhất 
100 # # |a Tản Đà 
245 # # |a Liêu Trai chí dị /  |c Tản Đà, Đào Trinh Nhất, Nguyễn Văn Huyền, Bồ Tùng Linh 
260 # # |a Hà Nội :  |b Văn học ,  |c 1995 
300 # # |a 768 tr.;   |c 19 cm. 
700 # # |a Nguyễn Văn Huyền 
992 # # |a 50000 
994 # # |a DLU 
900 # # |a False 
911 # # |a Administrator 
925 # # |a G 
926 # # |a A 
927 # # |a SH 
980 # # |a Thư viện Trường Đại học Đà Lạt